000 01103nam a22003257a 4500
001 BR0202489
003 BR-BrBNA
005 20230928101056.0
007 ta
008 230509b bl.||||| |||| 00| 0 por d
040 _aBR-BrBNA
_bpor
_cBiblioteca Nacional de Agricultura
041 _a(Por)
072 _aL53; L10
_b5213
090 _ 5213 BR0202489
100 1 _aPeixoto, M.G.C.D.
110 1 _aUniversidade Federal de Viçosa, Belo Horizonte (Brasil). Escola de Veterinária
_0Tese (Doutor em Ciência Animal)
_911003
245 1 _aFatores que influenciam resultados de ovulação múltipla e transferência de embriões de doadoras zebuínas
260 3 _aBelo Horizonte, MG (Brasil):
_c2001.
300 _a90 p.
500 _aSummaries (Eng, Por); Bibliography p. 64-72; 79 tables; 18 illus.
650 _aGADO ZEBU
650 _aTRANSFERÊNCIA DE EMBRIÃO
650 _aMELHORAMENTO GENÉTICO ANIMAL
650 _aPARÂMETRO GENÉTICO
650 _aEMBRIÃO
650 _aOVULAÇÃO
650 _aMÉTODO ESTATÍSTICO
909 _a202309
_bLucia
_c55
_dLucia Elande
942 _cBK
999 _c64138
_d64138